[Event "Tanta op"]
[Site "Tanta"]
[Date "1997.??.??"]
[Round "6"]
[White "Hamed, Ahmed"]
[Black "Frhat, Ali"]
[Result "1-0"]
[WhiteElo "2330"]
[BlackElo "2220"]

1.Nf3 d5 2.g3 Bg4 3.Bg2 Nd7 4.c4 dxc4 5.Na3 Ngf6 6.Nxc4 c6 7.O-O e6 8.b3 Be7
9.Bb2 O-O 10.d3 Bh5 11.h3 Re8 12.Rc1 a5 13.Nfd2 Nc5 14.Ne5 Nfd7 15.Nef3 Nb6
16.Nc4 Ncd7 17.a3 Nxc4 18.bxc4 e5 19.Rb1 Qc7 20.Qc2 Bg6 21.e4 Bc5 22.Kh2 Rad8
23.Rbd1 Nf8 24.Nxe5 Rxe5 25.d4 Bxd4 26.Bxd4 Re7 27.Qb2 Rde8 28.Bxg7 Bxe4
29.Bh6 f5 30.f3 Ng6 31.fxe4 fxe4 32.Be3 Rg7 33.Qf2 Rf8 34.Qe1 Rxf1 35.Qxf1 Qe7
36.Qf5 Rf7 37.Qxa5  1-0

[Event "Tatry op"]
[Site "Tatranska Lomnica"]
[Date "1997.??.??"]
[Round "7"]
[White "Sergeev, Vladimir"]
[Black "Berezjuk, Sergej"]
[Result "1/2-1/2"]
[WhiteElo "2455"]
[BlackElo "2390"]

1.Nf3 d5 2.g3 Bg4 3.Bg2 Nd7 4.O-O c6 5.d3 Ngf6 6.c4 e6 7.b3 Be7 8.Bb2 O-O
9.Nbd2 a5 10.a3 Qb8 11.Rc1 e5 12.cxd5 cxd5 13.e4 d4 14.h3 Bh5 15.Qc2 Ne8
16.Nc4 Bxf3 17.Bxf3 b5 18.Nd2 Nc5 19.h4 Nf6 20.Bg2 Ra7 21.Bh3 Rc7 22.a4 Bd6
23.axb5 Qxb5 24.Nc4 Nxb3 25.Rb1 Rb8 26.Qd1 Bf8 27.Qe2 Qe8 28.f4 exf4 29.gxf4 Nd5
30.Rbe1 Nc3 31.Qg2 Na4 32.e5 Nbc5 33.Nd6 Qc6 34.Bxd4 Nxd3 35.Ra1 Rb4 36.Qxc6 Rxc6
37.Bd7 Rc7 38.Bxa4 Rxd4 39.Nb5 Bc5 40.Kh1 Rcd7 41.Nxd4 Rxd4 42.Bc2 Nxf4 43.Rxa5 Ne6
44.Ra8+ Bf8 45.Ra4 Bb4 46.Bb3 Rxh4+ 47.Kg2 Nf4+ 48.Kf2  1/2-1/2

[Event "Czerniak mem Bikurei Haitim"]
[Site "Tel Aviv"]
[Date "1997.??.??"]
[Round "2"]
[White "Kogan, Artur"]
[Black "Zifroni, Dov"]
[Result "1-0"]
[WhiteElo "2515"]
[BlackElo "2490"]

1.Nf3 d5 2.g3 Bg4 3.Ne5 Bf5 4.c4 f6 5.Nf3 dxc4 6.Bg2 Nc6 7.b3 c3 8.Nxc3 e5
9.O-O Qd7 10.Bb2 O-O-O 11.Rc1 Kb8 12.Na4 Nh6 13.a3 Be6 14.d3 Qf7 15.Nd2 Bd5
16.e4 Be6 17.Rxc6 bxc6 18.Qc2 Qd7 19.Rc1 Qxd3 20.Qxc6 Qd7 21.Qa6 Qc8 22.Qa5 Nf7
23.Bf1 Nd6 24.Nc5 Ka8 25.Ba6 Qb8  1-0

[Event "Czerniak mem Bikurei Haitim"]
[Site "Tel Aviv"]
[Date "1997.??.??"]
[Round "6"]
[White "Rotstein, Arkadij"]
[Black "Zifroni, Dov"]
[Result "0-1"]
[WhiteElo "2455"]
[BlackElo "2490"]

1.Nf3 d5 2.g3 g6 3.Bg2 Bg7 4.O-O Nf6 5.c4 c6 6.b3 Ne4 7.d4 O-O 8.Bb2 Bf5
9.Nbd2 Nd7 10.Nh4 Nxd2 11.Qxd2 Be6 12.e4 dxe4 13.Bxe4 Bh3 14.Rfe1 Nf6 15.Bh1 Qd7
16.Nf3 Rfe8 17.Rad1 Rad8 18.Qa5 a6 19.Ba3 Ng4 20.d5 Bf6 21.Bc5 Qf5 22.dxc6 Rxd1
23.Rxd1 bxc6 24.Bb6 e5 25.Re1 Rb8 26.Bc7 Rc8 27.Bb6 c5 28.Qxa6 e4 29.b4 exf3
30.Bxc5 Rxc5 31.bxc5 Bd4  0-1

[Event "SVK-ch U18"]
[Site "Topolcianky"]
[Date "1997.??.??"]
[Round "7"]
[White "Hrivnak, Martin"]
[Black "Castiglione, Mario"]
[Result "0-1"]
[WhiteElo "2155"]
[BlackElo "2205"]

1.Nf3 d5 2.g3 Nc6 3.c4 Nf6 4.Bg2 e5 5.Qa4 Bd7 6.cxd5 Nxd5 7.O-O Nd4 8.Qd1 Nxf3+
9.Bxf3 Bh3 10.Re1 Bc5 11.Qb3 c6 12.Qxb7 Rc8 13.Nc3 Nb4 14.a3 Rc7 15.axb4 Bxf2+
16.Kxf2 Rxb7 17.Bxc6+ Bd7 18.Bxb7 Qb6+ 19.e3 Qxb7 20.Ra5 f6 21.Kg1 h5 22.Nd5 h4
23.e4 hxg3 24.hxg3 Bc6 25.Nc3 Qd7 26.Kf2 Rh2+ 27.Kf3 Qd3+ 28.Kg4 Bd7+  0-1

[Event "Toscolano op"]
[Site "Toscolano"]
[Date "1997.??.??"]
[Round "?"]
[White "Sulava, Nenad"]
[Black "Rossi, Giampiero"]
[Result "1-0"]
[WhiteElo "2380"]
[BlackElo "2140"]

1.Nf3 d5 2.g3 c6 3.Bg2 Nf6 4.O-O Bf5 5.d3 e6 6.b3 Nbd7 7.Bb2 Be7 8.Nbd2 O-O
9.e3 h6 10.Qe2 Qb6 11.e4 Bh7 12.e5 Ne8 13.Kh1 Nc7 14.Rg1 a5 15.a4 Na6 16.Nf1 Nb4
17.Ne3 Rfe8 18.g4 c5 19.Raf1 Qa6 20.g5 hxg5 21.Bh3 d4 22.Nc4 Qc6 23.Bg2 Nd5
24.Bc1 g4 25.Ng5 Bf5 26.f3 gxf3 27.Bxf3 f6 28.Nxe6 Bxe6 29.Rxg7+ Kxg7 30.Rg1+ Kh8
31.Be4  1-0

[Event "Jarleslaget op"]
[Site "Trondheim"]
[Date "1997.??.??"]
[Round "8"]
[White "Kristensen, Bjarke"]
[Black "Rausis, Igors"]
[Result "1/2-1/2"]
[WhiteElo "2430"]
[BlackElo "2490"]

1.Nf3 d5 2.g3 Nf6 3.Bg2 e6 4.O-O Be7 5.b3 O-O 6.Bb2 b6 7.d3 Bb7 8.Nbd2 Nbd7
9.Qe1 a5 10.e4 dxe4 11.Nxe4 Nxe4 12.dxe4 Nc5 13.Rd1 Qe8 14.Nd4 a4 15.Qc3 axb3
16.axb3 Bf6 17.Rfe1 e5 18.Nf5 Ra2 19.Ra1 Rxa1 20.Bxa1 Qd7 21.Qe3 Rd8 22.Bc3 Ne6
23.h4 c5 24.Qf3 Nd4 25.Bxd4 cxd4 26.Bf1 Kf8 27.Bc4 b5 28.Bd3 Bc6 29.Kh2 Qe6
30.h5 g6 31.Nh4 Bd7 32.Rh1 Bxh4 33.gxh4 Ra8 34.Rg1 Ke7 35.Rg5 Ra1 36.hxg6 hxg6
37.Qg3 Kf6 38.f4 exf4 39.Qxf4+ Kg7 40.Qe5+ Qxe5+ 41.Rxe5 Rc1 42.Rd5 Bg4 43.Kg3 f5
44.e5 Re1 45.Rxd4 g5 46.hxg5 Re3+ 47.Kf2 Rxe5 48.Kg3 Re3+ 49.Kf4 Rf3+ 50.Ke5 Re3+
51.Kd6 Kg6 52.Rb4 Be2 53.Bxb5 Bxb5 54.Rxb5 f4 55.Rb8 Kxg5 56.c4 f3 57.Rf8  1/2-1/2

[Event "Jarleslaget op"]
[Site "Trondheim"]
[Date "1997.??.??"]
[Round "8"]
[White "Ivanov, Mikhail M"]
[Black "Moen, Andreas"]
[Result "1-0"]
[WhiteElo "2445"]
[BlackElo "2205"]

1.Nf3 d5 2.g3 Bf5 3.Bg2 Nf6 4.c4 e6 5.b3 Nbd7 6.Bb2 Be7 7.O-O O-O 8.d3 a5
9.a3 h6 10.Nbd2 Bh7 11.Rc1 c6 12.Rc2 Qb6 13.Qa1 Rfd8 14.Rfc1 Ne8 15.cxd5 exd5
16.Bh3 Bf8 17.Nh4 Nd6 18.Bd4 c5 19.Bb2 Qa7 20.Bg2 g5 21.Nhf3 d4 22.a4 Re8
23.Nc4 Nxc4 24.bxc4 Re6 25.Ba3 Rae8 26.Qb2 b6 27.Rb1 Bg7 28.Ne1 Nb8 29.Bd5 Rd6
30.Qb5 Red8 31.Bf3 Na6 32.Qb3 Kh8 33.Bc1 Nb4 34.Rcb2 Qe7 35.Nc2 f5 36.Nxb4 axb4
37.Ra1 Be5 38.a5 bxa5 39.Rxa5 Rf6 40.Rba2  1-0

[Event "ROM-chT"]
[Site "Tusnad"]
[Date "1997.??.??"]
[Round "?"]
[White "Marin, Mihail"]
[Black "Negulescu, Adrian"]
[Result "1/2-1/2"]
[WhiteElo "2545"]
[BlackElo "2450"]

1.Nf3 d5 2.g3 Nc6 3.c4 d4 4.Bg2 e5 5.d3 Nf6 6.O-O a5 7.Na3 Bxa3 8.bxa3 O-O
9.Bg5 h6 10.Bxf6 Qxf6 11.Rb1 Qe7 12.Qc1 Rb8 13.Rb5 Bd7 14.Qb2 b6 15.Re1 Rfe8  1/2-1/2

[Event "ROM-chT"]
[Site "Tusnad"]
[Date "1997.??.??"]
[Round "?"]
[White "Bogdan, Dan"]
[Black "Popa, Valentin"]
[Result "1-0"]
[WhiteElo "2380"]
[BlackElo "2255"]

1.Nf3 d5 2.g3 e6 3.Bg2 Bd6 4.O-O Ne7 5.c4 c6 6.Qc2 e5 7.d3 f6 8.Nc3 d4 9.Ne4 Be6
10.e3 dxe3 11.Bxe3 Nf5 12.Bc5 Na6 13.Bxd6 Nxd6 14.a3 O-O 15.b4 Rf7 16.Nxd6 Qxd6
17.c5 Qd7 18.d4 exd4 19.Rfd1 Bf5 20.Qc4 Be6 21.Qf1 d3 22.Rxd3 Qe8 23.Re1 Qc8
24.Rd6 Nc7 25.Nd4 Bd5 26.Bxd5 Nxd5 27.b5 Ne7 28.Ne6 cxb5 29.Rd8+ Qxd8 30.Nxd8 Rxd8
31.Qxb5 Nc6 32.Qc4 Ne5 33.Qe4 Re7 34.Kg2 Rdd7 35.Qb1 Nc6 36.Rxe7 Rxe7 37.Qd3 g6
38.h4 Kg7 39.Qd6 Kf7 40.h5 Kg7 41.h6+ Kf7 42.g4 a6 43.Kg3 Re6 44.Qd7+ Re7
45.Qc8 Na7 46.Qh8 Ke6 47.f4 Nc6 48.Qc8+ Kd5 49.f5 g5 50.Qg8+ Ke5 51.Qf8 Rd7
52.Qg8 Re7 53.Qc4 Nd4 54.a4 Nc6 55.Kf3 Rd7 56.Qe4+  1-0

[Event "Ubeda op"]
[Site "Ubeda"]
[Date "1997.??.??"]
[Round "5"]
[White "Bagirov, Vladimir"]
[Black "De la Villa Garcia, Jesus Maria"]
[Result "1/2-1/2"]
[WhiteElo "2505"]
[BlackElo "2495"]

1.Nf3 d5 2.g3 Bg4 3.Bg2 Nd7 4.c4 e6 5.Qa4 c6 6.cxd5 Bxf3 7.Bxf3 exd5 8.d4 Bd6
9.Nc3 f5 10.Qc2 Ne7 11.Bg5  1/2-1/2

[Event "Ubeda op"]
[Site "Ubeda"]
[Date "1997.??.??"]
[Round "10"]
[White "Giorgadze, Giorgi"]
[Black "Ibragimov, Ildar"]
[Result "1/2-1/2"]
[WhiteElo "2595"]
[BlackElo "2555"]

1.Nf3 d5 2.g3 c6 3.Bg2 Bg4 4.O-O Nd7 5.d4 e6 6.Nbd2 Ngf6 7.Re1 Be7 8.e4 O-O
9.c3 c5 10.exd5 Nxd5 11.Nc4 Bh5 12.Ne3 N5f6 13.dxc5 Nxc5 14.Qxd8 Rfxd8 15.Ne5 Nfd7
16.N3c4 Nxe5 17.Nxe5 f6 18.Be3 Rac8 19.g4 Be8 20.Nf3 b6 21.Bxc5 Bxc5 22.Rxe6 Bd7
23.Re4 f5 24.gxf5 Bxf5 25.Re5 g6 26.Rae1 a5 27.a3 a4 28.h3 Kg7 29.Bf1 Bd6
30.R5e2 Bc5 31.Rd2 Rxd2 32.Nxd2 Rf8 33.Kg2 Bc2 34.Nf3 Bb3 35.Bd3 Rd8 36.Be4 Kf6
37.Bc6 Rd6 38.Bb5 h5 39.Re4 g5 40.Bc4 Bc2 41.Re1 Kf5 42.Bf7 Be4 43.Bxh5 Kf4
44.Rxe4+ Kxe4 45.Be8 Kf4  1/2-1/2

[Event "JUG Cup (Women)"]
[Site "Ulcinj"]
[Date "1997.??.??"]
[Round "?"]
[White "Otovic, Ljiljana"]
[Black "Nestorovic, Irena"]
[Result "1/2-1/2"]
[WhiteElo "2025"]
[BlackElo "2060"]

1.Nf3 d5 2.g3 g6 3.Bg2 Bg7 4.O-O Nf6 5.d3 Nbd7 6.Nbd2 O-O 7.c4 c6 8.Rb1 a5
9.b3 e5 10.Bb2 Qe7 11.cxd5 Nxd5 12.Ne1 f5 13.Nc2 Rf7 14.a3 Nc5 15.d4 exd4
16.Nxd4 Ne4 17.Nxe4 fxe4 18.e3 Bd7 19.Qc2 Re8 20.Rbc1 Bf8 21.Qd2 Qd8 22.Ne2 Bg4
23.Nc3 Nxc3 24.Qxc3 Bg7 25.Qc2 Qd3 26.Bxg7 Kxg7 27.Qb2+ Kg8 28.Rc3 Qd8 29.Rc4  1/2-1/2

[Event "JUG Cup (Women)"]
[Site "Ulcinj"]
[Date "1997.??.??"]
[Round "?"]
[White "Maksimovic, Suzana"]
[Black "Stoisavljevic, Sava"]
[Result "1-0"]
[WhiteElo "2290"]
[BlackElo "2110"]

1.Nf3 d5 2.g3 c6 3.Bg2 Bg4 4.O-O Nd7 5.d3 e6 6.Nbd2 Ngf6 7.b3 Be7 8.Bb2 O-O
9.h3 Bh5 10.e4 a5 11.a3 b5 12.Qe1 Qb6 13.Kh2 Rfc8 14.Ng1 dxe4 15.dxe4 a4
16.f4 h6 17.Kh1 Bc5 18.g4 Bg6 19.Ngf3 Be3 20.f5 exf5 21.exf5 Bh7 22.Qg3 Nd5
23.Ne4 Re8 24.Ne5 Nxe5 25.Bxe5 Rxe5 26.Qxe5 Bd4 27.Qg3 Bxa1 28.Rxa1 axb3
29.cxb3 Qd4 30.Re1 Qb6 31.Nc3 Nf6 32.Qd6 Rd8 33.Qxc6 Qxc6 34.Bxc6 Rc8 35.Nd5 Nxd5
36.Bxd5 Kf8 37.Kg2 h5 38.Kf3 hxg4+ 39.hxg4 f6 40.Rh1 Rc3+ 41.Ke4  1-0

[Event "JUG Cup"]
[Site "Ulcinj"]
[Date "1997.??.??"]
[Round "?"]
[White "Simonovic, Aleksandar"]
[Black "Milovanovic, Rade"]
[Result "1-0"]
[WhiteElo "2410"]
[BlackElo "2420"]

1.g3 d5 2.Nf3 Nf6 3.Bg2 c6 4.b3 Bg4 5.Bb2 Nbd7 6.d3 Qc7 7.Nbd2 e5 8.h3 Bxf3
9.Bxf3 Bc5 10.a3 O-O 11.b4 Bb6 12.c4 dxc4 13.dxc4 Rad8 14.Qc2 Rfe8 15.c5 Nxc5
16.bxc5 Ba5 17.O-O-O Bxd2+ 18.Rxd2 Rxd2 19.Qxd2 e4 20.Bg2 Nd5 21.Qd4 f5 22.e3 b6
23.cxb6 axb6 24.Rd1 b5 25.Bf1 Qb7 26.Bxb5 Rb8 27.Bc4 Kh8 28.Bxd5 cxd5 29.Rd2 h6
30.Qxd5 Rc8+ 31.Kb1 Qa6 32.Qf7  1-0

[Event "JUG Cup"]
[Site "Ulcinj"]
[Date "1997.??.??"]
[Round "?"]
[White "Popchev, Milko"]
[Black "Ninov, Nikolai"]
[Result "1-0"]
[WhiteElo "2440"]
[BlackElo "2445"]

1.Nf3 d5 2.g3 c5 3.Bg2 g6 4.O-O Bg7 5.c4 d4 6.d3 e6 7.b4 Ne7 8.Nbd2 cxb4
9.a3 bxa3 10.Bxa3 O-O 11.Ne4 Bd7 12.Qd2 b6 13.Qf4 f5 14.Neg5 Nbc6 15.Nxh7 Kxh7
16.Ng5+ Kg8 17.Qh4 Rf6 18.Qh7+ Kf8 19.e4 Rc8 20.f4 fxe4 21.Nxe4 Rf5 22.g4 Ra5
23.Nd6 Rxa3 24.Rxa3 Be8 25.f5 exf5 26.gxf5 Ng8 27.fxg6+ Nf6 28.Bd5 Ne7 29.Rxf6+ Bxf6
30.Qh6+  1-0

[Event "JUG Cup"]
[Site "Ulcinj"]
[Date "1997.??.??"]
[Round "?"]
[White "Lazic, Miroljub"]
[Black "Markovic, Dejan"]
[Result "1-0"]
[WhiteElo "2455"]
[BlackElo "2225"]

1.g3 d5 2.Nf3 Nf6 3.Bg2 g6 4.O-O Bg7 5.d3 O-O 6.Nbd2 Re8 7.e4 Bg4 8.h3 Bxf3
9.Qxf3 dxe4 10.dxe4 e5 11.a4 Nbd7 12.a5 b5 13.c4 a6 14.Qe2 Rb8 15.cxb5 axb5
16.a6 c6 17.Nb3 Nb6 18.Na5 Qc7 19.Be3 Na4 20.a7 Ra8 21.Rfc1 Qxa5 22.b3 Rec8
23.bxa4 b4 24.Rc5 Qc7 25.Rc4 Bf8 26.Rac1 Qb7 27.Qc2 c5 28.Bxc5 Bxc5 29.Rxc5 Rxc5
30.Qxc5 Nd7 31.Qe7 Qxa7 32.Bf1 b3 33.Bc4 b2 34.Bxf7+ Kh8 35.Rb1 Qxa4 36.Bd5 Rb8
37.Kg2 Qa1 38.Rxb2 Qxb2 39.Qxd7 Rf8 40.Bf7 Qd4 41.Qe7 Rxf7 42.Qxf7 Qd6 43.Qd5 Qc7
44.h4 Kg7 45.Qd2 h6 46.Qd5 h5 47.Qd2 Qb7 48.Qe3 Qb1 49.Qa7+ Kh6 50.Qa8 Kg7
51.Qc6 Qb2 52.Qc7+ Kf6 53.Qd7 Qb4 54.Qc6+ Kf7 55.Qd5+ Kf6 56.Qd3 Qb2 57.Qd8+ Kf7
58.Qd1 Ke7 59.Qf3 Qa1 60.Qe3 Qb2 61.g4 hxg4 62.Kg3 Qa1 63.Kxg4 Qg1+ 64.Qg3 Qd1+
65.f3 Kf6 66.h5 g5 67.Qf2 Qb1 68.Qh2 Qc1 69.h6 Qc8+ 70.Kg3 Qc1 71.Qf2 Qf4+
72.Kg2 Kg6 73.Qb6+ Kh7 74.Qe6 Qd2+ 75.Kh3 Qf2 76.Qf6 Qh4+ 77.Kg2 Qxh6 78.Qxe5 Qg6
79.Kg3 Qh5 80.Qf6 Qh4+ 81.Kg2 Qh5 82.Qf5+ Kh6 83.Qh3  1-0

[Event "Verona op"]
[Site "Verona"]
[Date "1997.??.??"]
[Round "2"]
[White "Sulava, Nenad"]
[Black "Dalponte, Dino"]
[Result "1/2-1/2"]
[WhiteElo "2380"]
[BlackElo "2195"]

1.Nf3 d5 2.g3 Bf5 3.Bg2 c6 4.b3 Nd7 5.Bb2 Ngf6 6.O-O e6 7.d3 Bc5 8.Nbd2 Qb6
9.a3 O-O 10.b4 Bd6 11.c4 Qd8 12.e4 Bg4 13.Qc2 Bxf3 14.Nxf3 dxe4 15.dxe4 e5
16.Rfd1 Qe7 17.c5 Bc7 18.Nd2 Rad8 19.Nc4 h6 20.Nd6 Bxd6 21.Rxd6 Ne8 22.Rd3 Nc7
23.Rad1 Nf6 24.Rxd8 Rxd8 25.Rxd8+ Qxd8 26.Bxe5 Nce8 27.h3 Nh7 28.Kh2 Ng5
29.f4 Ne6 30.f5 N6c7 31.Bd6 f6 32.e5 fxe5 33.Qc4+ Kh8 34.Bxe5 Qd7 35.Qf4 Kg8
36.f6 Nd5 37.Bxd5+ Qxd5 38.fxg7 Nxg7 39.Qd4 Qf3 40.Qc4+ Kh7 41.Qc2+ Kg8 42.Qa2+ Kh7
43.Qb2 Nf5 44.g4 Ne7 45.Bg3 Nd5 46.Qf2 Qe4 47.Bd6 Kg6 48.Kg3 Nf6 49.Qf3 Qe1+
50.Kh2 Qd2+ 51.Qg2 Qe3 52.Qa2 Nd5 53.Qc2+ Kg7 54.Qf5 Nf6 55.Bg3 Qe2+ 56.Qf2 Qe4
57.Bf4 Kg6 58.Bxh6 Nxg4+ 59.hxg4 Kxh6 60.Kg3 Kg6 61.Qf3 Qe1+ 62.Kh3 Qb1 63.Kg3 Qe1+
64.Qf2 Qe5+ 65.Kg2 Kg5 66.Qf3 Qb2+ 67.Kh3 Qh8+ 68.Kg2 Qb2+ 69.Kf1 Qc1+ 70.Kf2 Qb2+
71.Kg1 Qd4+ 72.Kf1 Qxg4 73.Ke2  1/2-1/2

[Event "Verona op"]
[Site "Verona"]
[Date "1997.??.??"]
[Round "7"]
[White "Di Lazzaro, Gabriele"]
[Black "Perich, Stefano"]
[Result "0-1"]
[WhiteElo "2095"]
[BlackElo "2080"]

1.Nf3 d5 2.g3 g6 3.Bg2 Bg7 4.d4 Nh6 5.O-O O-O 6.b3 c5 7.Bb2 Nc6 8.e3 Bg4
9.h3 Bxf3 10.Bxf3 cxd4 11.exd4 Nf5 12.c3 e6 13.Na3 Rb8 14.Nc2 b5 15.Ba3 Re8
16.Bc5 Nd6 17.Re1 a5 18.c4 bxc4 19.bxc4 Nxc4 20.Ne3 Nb2 21.Qd2 Qf6 22.Bg2 Nxd4
23.f4 Nf5 24.Rab1 Nxe3 25.Qxe3 Nc4 26.Rxb8 Rxb8 27.Qf3 Qc3 28.Qxc3 Bxc3 29.Rc1 Bd2
30.Rc2 Be3+ 31.Bxe3 Nxe3 32.Rd2 Nxg2 33.Kxg2 a4 34.Kf3 Rb4 35.Rc2 h5 36.Rc8+ Kg7
37.Ra8 Rc4 38.Ke3 Rc3+ 39.Kd4 Ra3 40.g4 hxg4 41.hxg4 Rxa2 42.Ke5 Re2+ 43.Kd6 Re4
44.f5 exf5 45.gxf5 gxf5 46.Kxd5 Rb4 47.Ra6 Re4 48.Ra7 Kg6 49.Ra6+ f6 50.Ra8 Kg5
51.Rg8+ Kf4 52.Rg6 a3 53.Rxf6 Ra4 54.Rh6 Ra5+  0-1

[Event "AUT-chT qual"]
[Site "Vienna"]
[Date "1997.??.??"]
[Round "1"]
[White "Kastner, Walter"]
[Black "Holzer, Gerhard"]
[Result "0-1"]
[WhiteElo "2295"]
[BlackElo "2250"]

1.Nf3 d5 2.g3 Nc6 3.d4 Nf6 4.Bg2 Bf5 5.O-O e6 6.Bg5 Be7 7.c3 O-O 8.Re1 h6
9.Bxf6 Bxf6 10.Nbd2 Qc8 11.e4 dxe4 12.Nxe4 Be7 13.Qe2 Nb8 14.Ne5 c6 15.Rad1 Nd7
16.Nc4 Qc7 17.Ne3 Bg6 18.f4 Rae8 19.Nf2 Nf6 20.Nfg4 Nd7 21.Qf3 Qa5 22.Ra1 Qb5
23.Bf1 Qh5 24.Be2 Kh8 25.Qg2 Qa5 26.Nc4 Qc7 27.Bf3 Bh7 28.a4 Nb6 29.Nce5 a5
30.Ne3 Nd5 31.N3c4 Rd8 32.Bh5 Bf6 33.Ng4 c5 34.Nce5 cxd4 35.cxd4 g6 36.Nxf6 Nxf6
37.Bf3 Nd5 38.Rec1 Qb6 39.Rc5 Ne3 40.Qe2 Nf5 41.Qb5 Qxb5 42.Rxb5 f6 43.Nc4 Nxd4
44.Bxb7 Nxb5 45.axb5 Rd4 46.b3 g5 47.fxg5 fxg5 48.Re1 a4 49.Na5 axb3 50.Nxb3 Rb4
51.Nc5 Rxb5 52.Nxe6 Rb8 53.Bf3 Rb1 54.Rxb1 Rxb1+ 55.Kf2 Rb2+ 56.Kg1 Rb4 57.Kf2 Bf5
58.Nd8 Rb2+ 59.Kg1 Kg7 60.Nc6 Kf6 61.Nd4 Bd3 62.Bg2 g4 63.h3 Rb4 64.Nc6 Rb1+
65.Kh2 Rb2 66.Kg1 Rxg2+ 67.Kxg2 Be4+  0-1

[Event "Clarin GP op"]
[Site "Villa Martelli"]
[Date "1997.??.??"]
[Round "9"]
[White "Quinteros, Miguel A"]
[Black "Gomez Baillo, Jorge H"]
[Result "1-0"]
[WhiteElo "2505"]
[BlackElo "2445"]

1.Nf3 d5 2.g3 c6 3.Bg2 Bg4 4.b3 Nd7 5.Bb2 e6 6.O-O Ngf6 7.d3 Bd6 8.Nbd2 O-O
9.h3 Bh5 10.Qe1 Re8 11.e4 e5 12.Nh4 dxe4 13.Nc4 Bc5 14.dxe4 b5 15.Nd2 Nb6
16.Bf3 Bd4 17.c3 Bc5 18.Qe2 Bxf3 19.Ndxf3 Nfd7 20.Rad1 Qc7 21.Nf5 Bf8 22.Nh2 a5
23.Bc1 Nc5 24.Be3 Rad8 25.Ng4 f6 26.Bxc5 Bxc5 27.h4 Kh8 28.h5 Qf7 29.h6 g6
30.Ng7 Rf8 31.Rxd8 Rxd8 32.Qf3 Rf8 33.Rd1 Qe7 34.Qd3 f5 35.exf5 gxf5 36.Nxf5 Qg5
37.Nge3 Nd5 38.Qe4 Bxe3 39.Qxe5+ Rf6 40.Qe8+ Qg8 41.Qxg8+ Kxg8 42.Nxe3 Nxe3
43.fxe3 Rf3 44.Rd6 Rxg3+ 45.Kf2 Rg6 46.Rd8+ Kf7 47.Rd7+ Kg8 48.Ra7 Rxh6 49.Rxa5 Kf7
50.a4 Rh2+ 51.Kf3 Rc2 52.axb5 cxb5 53.Rxb5 Rxc3 54.Ke4 Rc8 55.Kf5 Rc3 56.Rb7+ Ke8
57.e4 h5 58.b4 h4 59.b5 h3 60.Ke6 Kd8 61.Rh7 Rb3 62.Kd6 Rd3+ 63.Kc6  1-0

[Event "Villarrobledo rapid op"]
[Site "Villarrobledo"]
[Date "1997.??.??"]
[Round "9"]
[White "Ljubojevic, Ljubomir"]
[Black "Chernin, Alexander"]
[Result "1/2-1/2"]
[WhiteElo "2565"]
[BlackElo "2640"]

1.Nf3 d5 2.g3 c6 3.Bg2 Bg4 4.d3 Nd7 5.Nbd2 e6 6.h3 Bh5 7.O-O Bd6 8.e4 Ne7
9.Qe2 O-O 10.Re1 Re8 11.g4 Bg6 12.e5 Bc7 13.Nf1 c5 14.Bg5 Qb8 15.Bh4 Nc6
16.Bg3 b5 17.h4 h5 18.Bh3 Qb6 19.Rad1 b4 20.N1h2 a5 21.gxh5 Bxh5 22.Bg4 Bg6
23.h5 Bh7 24.h6 g6 25.Bh3 a4 26.Ng4 b3 27.axb3 axb3 28.c3 Bd8 29.Qd2 Ne7
30.Nf6+ Nxf6 31.exf6 Nc6 32.Qg5 Bc7 33.Bxc7 Qxc7 34.Ne5 Nxe5 35.Rxe5 Kh8
36.Bg2 Ra2 37.Rb1 Rf8 38.c4 dxc4 39.Rxc5 Qd6 40.Rxc4 Qxd3 41.Rbc1 Ra1 42.Bf1 Rxc1
43.Rxc1 Qf5 44.Qxf5 gxf5 45.Rc3 Rg8+ 46.Rg3 f4 47.Rxg8+ Kxg8 48.Bc4 Bc2 49.Kg2 Kh7
50.Bxe6 Kxh6 51.Bxf7 Kg5 52.Bg8 Kxf6 53.Kf3 Ke5 54.Ke2 Kd4 55.Kd2 Ke4 56.Ke1 Kd4
57.Bf7 Ke5 58.Kd2 Kd4 59.Ke2 Ke5 60.Kd2 Kd4 61.Bg8 Ke4 62.Bf7 Kd4 63.Be6 Ke4
64.Bc4 Kd4 65.Bg8 Ke4 66.Ke2 Kd4 67.Kf3 Ke5 68.Bf7 Be4+ 69.Ke2 Bc2 70.Kd2 Kd4  1/2-1/2

[Event "Mikenas mem op"]
[Site "Vilnius"]
[Date "1997.??.??"]
[Round "?"]
[White "Bagirov, Vladimir"]
[Black "Oll, Lembit"]
[Result "0-1"]
[WhiteElo "2505"]
[BlackElo "2625"]

1.Nf3 d5 2.g3 Bg4 3.Bg2 Nd7 4.c4 e6 5.O-O Ngf6 6.b3 Bd6 7.Bb2 O-O 8.d4 c6
9.Nbd2 Qe7 10.a3 Rad8 11.Re1 Ne4 12.Nxe4 dxe4 13.Nd2 f5 14.b4 Qg5 15.f4 Qh5
16.Nf1 Nf6 17.Qc2 g5 18.fxg5 Qxg5 19.Bc1 Qh5 20.Rb1 Rd7 21.Rb3 Bc7 22.Bf4 Bxf4
23.gxf4 Qh4 24.Qc3 Rg7 25.Qg3 Qh6 26.Qf2 Kh8 27.Ng3 Rfg8 28.Kh1 Bf3 29.exf3 Rxg3
30.Bf1 Qh4 31.Rbe3 R3g7  0-1

[Event "Mikenas mem op"]
[Site "Vilnius"]
[Date "1997.??.??"]
[Round "?"]
[White "Kengis, Edvins"]
[Black "Grabliauskas, Virginijus"]
[Result "1/2-1/2"]
[WhiteElo "2585"]
[BlackElo "2435"]

1.Nf3 d5 2.g3 c6 3.Bg2 Bg4 4.c4 e6 5.b3 Be7 6.Bb2 Nf6 7.O-O O-O 8.Na3 Nbd7
9.Nc2 b5 10.Nfd4 Qb6 11.cxb5 cxb5 12.d3 Rfe8 13.h3 Bh5 14.Qd2 e5 15.Nf5 Bf8
16.g4 Bg6 17.Ng3 h6 18.Rac1 e4 19.dxe4 dxe4 20.Rfd1 Rac8 21.Ne3 Rxc1 22.Rxc1 Bc5
23.b4 Bxe3 24.Qxe3 Qxe3 25.fxe3 Nd5 26.Kf2 Nxb4 27.Rc7 Nb6 28.Rxa7 Na4 29.Bd4 Nxa2
30.h4 N2c3 31.Rb7 Kf8 32.Bh3 f6 33.h5 Bh7 34.g5 hxg5 35.h6 Re7 36.hxg7+ Rxg7
37.Rb8+ Ke7 38.Rb7+ Kf8 39.Rb8+ Ke7 40.Nh5 Rf7 41.Rb7+ Kf8 42.Rb8+  1/2-1/2

[Event "Vitinia op"]
[Site "Vitinia"]
[Date "1997.??.??"]
[Round "4"]
[White "Corvi, Marco"]
[Black "Chiaretti, Roberto"]
[Result "1/2-1/2"]
[WhiteElo "2235"]
[BlackElo "2150"]

1.Nf3 d5 2.g3 c6 3.Bg2 Nf6 4.O-O Bf5 5.b3 e6 6.Bb2 h6 7.d4 Nbd7 8.Nbd2 Be7
9.Re1 O-O 10.Ne5 Rc8 11.Nd3 c5 12.c4 Qb6 13.dxc5 Nxc5 14.Bd4 Qa6 15.Nxc5 Bxc5
16.Bxc5 Rxc5 17.e4 dxe4 18.Nxe4 Nxe4 19.Bxe4 b5 20.cxb5 Qxb5 21.Bxf5 Rxf5
22.Qe2 Rc8 23.Qxb5 Rxb5 24.Red1 Rc2 25.Rdc1 Rb2 26.Rcb1 Rc2 27.Rc1 Rb2 28.Rcb1  1/2-1/2

[Event "Vlissingen HZ op"]
[Site "Vlissingen"]
[Date "1997.??.??"]
[Round "7"]
[White "Haak, Eelco"]
[Black "Jonkman, Harmen"]
[Result "0-1"]
[WhiteElo "2175"]
[BlackElo "2365"]

1.Nf3 d5 2.g3 c6 3.Bg2 Bg4 4.d3 Nd7 5.Nbd2 Ngf6 6.O-O e5 7.e4 Bd6 8.h3 Bh5
9.Qe1 O-O 10.Nh4 Bg6 11.Nxg6 hxg6 12.Nf3 Re8 13.Ng5 Qb6 14.Kh1 Nc5 15.Qc3 a5
16.Be3 d4 17.Qc4 Qc7 18.Bxd4 exd4 19.Qxd4 Rad8 20.Qc3 Ne6 21.Nxe6 Rxe6 22.f4 g5
23.e5 Bb4 24.Qb3 Nh5 25.Rf3 gxf4 26.gxf4 Bd2 27.Raf1 Bxf4 28.Rxf4 Ng3+ 29.Kg1 Nxf1
30.Rxf1 Rxe5  0-1

[Event "AUT-chT9697"]
[Site "Vorarlberg"]
[Date "1997.??.??"]
[Round "?"]
[White "Maier, Peter"]
[Black "Tomaselli, Philipp"]
[Result "1-0"]
[WhiteElo "2075"]
[BlackElo "1790"]

1.Nf3 d5 2.g3 b6 3.Bg2 Bb7 4.O-O e6 5.d3 Nf6 6.Nbd2 c5 7.Re1 Be7 8.c3 O-O
9.Qc2 Nc6 10.e4 d4 11.Nc4 b5 12.Nce5 Rc8 13.Nxc6 Bxc6 14.Ne5 Ba8 15.c4 b4
16.f4 Nd7 17.Nf3 f6 18.Qe2 e5 19.Nh4 Qe8 20.Bh3 Rc7 21.Be6+ Kh8 22.f5 h6
23.Ng6+ Kh7 24.h4 Nb6 25.g4 Bb7 26.g5 Bc8 27.Bxc8 Nxc8 28.gxh6 Rh8 29.Nxh8 Qxh8
30.Qg4 Bf8 31.Qg6+ Kg8 32.h7+ Qxh7 33.Qxh7+ Kxh7 34.Kf2 Nd6 35.Rg1 Ne8 36.Bd2 Rb7
37.b3 a5 38.a3 Nc7 39.axb4 axb4 40.Ra2 Kg8 41.Rga1 Ne8 42.Ra7 Rb6 43.R1a6 Rxa6
44.Rxa6 Kf7 45.Kf3 Be7 46.h5 Nc7 47.Ra7 Ne8 48.h6 gxh6 49.Bxh6 Nd6 50.Rc7 Ne8
51.Rc8 Bd6 52.Kg4 Be7 53.Kh5 Nd6 54.Rb8 Ne8 55.Rxe8 Kxe8 56.Kg6  1-0

[Event "Vsetin op"]
[Site "Vsetin"]
[Date "1997.??.??"]
[Round "?"]
[White "Berezjuk, Sergej"]
[Black "Uhmann, Jan"]
[Result "1-0"]
[WhiteElo "2410"]
[BlackElo "2135"]

1.Nf3 d5 2.g3 Nf6 3.Bg2 e6 4.O-O Be7 5.d3 c5 6.Nbd2 O-O 7.e4 Nc6 8.c3 b6
9.Re1 Nd7 10.Qe2 Ba6 11.e5 Rc8 12.h4 Re8 13.Nf1 Nf8 14.N1h2 b5 15.a3 Qb6
16.b3 b4 17.axb4 cxb4 18.Be3 Qb7 19.c4 Nb8 20.h5 h6 21.Ng4 Qd7 22.Ra2 Rc7
23.Rea1 Bb7 24.Rxa7 Nc6 25.R7a2 d4 26.Bf4 Nh7 27.Nd2 Ng5 28.Ne4 Qd8 29.Bd2 Nxe4
30.Bxe4 f5 31.exf6 Bxf6 32.Bg6 Rf8 33.Qxe6+ Kh8 34.Bf4 Re7 35.Qd5 Rd7 36.Qb5 Ne7
37.Be4 Bxe4 38.dxe4 d3 39.e5 Bg5 40.Bxg5 hxg5 41.Ra8 Nc8 42.Ne3 d2 43.Nd5 Qe8
44.Qxb4 Rd8 45.Qxd2 Qxe5 46.Qe1 Qf5 47.Rxc8 Rxc8 48.Ne7 Qg4 49.Ng6+ Kg8 50.Nxf8 Kxf8
51.Kg2 Qxh5 52.Qe4 Re8 53.Ra8  1-0

[Event "Wattens op"]
[Site "Wattens"]
[Date "1997.??.??"]
[Round "?"]
[White "Moritz, Christian"]
[Black "Kondrak, Christoph"]
[Result "0-1"]
[WhiteElo "2010"]
[BlackElo "2095"]

1.Nf3 d5 2.g3 Nf6 3.Bg2 g6 4.O-O Bg7 5.d3 O-O 6.Nbd2 c5 7.e4 dxe4 8.dxe4 Nc6
9.c3 Bg4 10.Qe2 Qc8 11.Nc4 Rd8 12.a4 Qe6 13.h3 Bxf3 14.Bxf3 Qxh3 15.e5 Nh5
16.g4 Nxe5 17.Nxe5 Bxe5 18.Qxe5 Qxf3 19.gxh5 Rd5 20.Qg3 Qxh5 21.Be3 Rad8
22.Kg2 Qf5 23.Bh6 Rd3 24.f3 R8d6 25.Rad1 Rxd1 26.Rxd1 Qc2+ 27.Rd2 Rxd2+  0-1

[Event "Wattens op"]
[Site "Wattens"]
[Date "1997.??.??"]
[Round "?"]
[White "Moritz, Christian"]
[Black "Aigner, Matthias"]
[Result "1-0"]
[WhiteElo "2010"]
[BlackElo "1725"]

1.Nf3 d5 2.g3 c6 3.Bg2 Nf6 4.d3 g6 5.Nbd2 Bg7 6.O-O O-O 7.e4 dxe4 8.dxe4 Qc7
9.Qe2 e5 10.a4 b6 11.Rd1 Ba6 12.Nc4 Nbd7 13.b4 Rad8 14.Ba3 Bxc4 15.Qxc4 Nb8
16.b5 Rfe8 17.Bh3 c5 18.Bb2 Nfd7 19.Rd5 Nf8 20.Rad1 Rxd5 21.Qxd5 h6 22.Kh1 Nh7
23.Qc4 Ng5 24.Nxg5 hxg5 25.Rd5 Rd8 26.Qd3 Bf6 27.Rxd8+ Bxd8 28.Bxe5 Qxe5
29.Qxd8+ Kg7 30.Qd5 Qa1+ 31.Kg2 Qxa4 32.Qe5+ Kh7 33.Qe8 Kg7 34.Qe5+ Kh7 35.Qe8 Kg7
36.Qxb8 Qxe4+ 37.Kg1 Qxc2 38.Qxa7 Qb1+ 39.Bf1 Qb4 40.Qxb6 c4 41.Qd4+ f6 42.Qxc4  1-0